Yaxkin /
EXISTENCIAS: 1989 12 (2) 1997 16 (1-2) 1999 18 (ene.-dic.) 2000 19 2001 20 2002 (21) 2003 (22)
Gespeichert in:
| Format: | Buch |
|---|---|
| Sprache: | Spanish |
| Veröffentlicht: |
Tegucigalpa, Honduras:
Instituto Hondureño de Antropología e Historia
|
| Schlagworte: | |
| Tags: |
Tag hinzufügen
Keine Tags, Fügen Sie den ersten Tag hinzu!
|
MARC
| LEADER | 00000nam a22000007a 4500 | ||
|---|---|---|---|
| 003 | cru CRAI/IIS | ||
| 005 | 20211105120046.0 | ||
| 008 | 210219n ho |||||r||||||0| ||spa|d | ||
| 040 | |c cru CRAI/IIS | ||
| 090 | |a REV1064 | ||
| 245 | 1 | |a Yaxkin / |c Instituto Hondureño de Antropología e Historia | |
| 260 | |a Tegucigalpa, Honduras: |b Instituto Hondureño de Antropología e Historia | ||
| 270 | |a Biblioteca IHAH. Antigua Casa Presidencial. Barrio El Centro |e Apdo.Postal. 1518 Tegucigalpa, Honduras, C.A. | ||
| 500 | |a Colección Centroamérica | ||
| 520 | |a EXISTENCIAS: 1989 12 (2) 1997 16 (1-2) 1999 18 (ene.-dic.) 2000 19 2001 20 2002 (21) 2003 (22) | ||
| 650 | 0 | |9 136 |a HISTORIA | |
| 650 | 0 | |9 4911 |a GOBIERNO | |
| 650 | 4 | |9 4350 |a ANTROPOLOGIA | |
| 651 | 4 | |9 2652 |a HONDURAS | |
| 651 | 0 | |9 308 |a CENTROAMERICA | |
| 942 | |2 ddc |c PP | ||
| 999 | |c 43610 |d 43610 | ||
